| 000 | 00000nam##2200000za#4500 |
| 001 | 9.578165 |
| 003 | CaOODSP |
| 005 | 20210624185946 |
| 007 | cr ||||||||||| |
| 008 | 150406|1985||||xxc|||||o f|0| 0 eng|d |
| 022 | |a1488-5379 |
| 040 | |aCaOODSP|beng |
| 043 | |an-cn--- |
| 086 | 1 |aFs97-6/1373E-PDF |
| 110 | 1 |aCanada. |bDepartment of Fisheries and Oceans. |
| 245 | 10|aObjective procedure for fish freshness evaluation based on nucleotide changes using a HPLC system / |h[electronic resource]|cby B.G. Burns, P.J. Ke and B.B. Irvine. |
| 260 | |aNanaimo - British Columbia : |bFisheries and Oceans Canada |c1985. |
| 300 | |a41p.|bfigs., references, tables |
| 490 | 1 |aCanadian technical report of fisheries and aquatic sciences|x1488-5379|vNo. 1373 |
| 500 | |aOn t.p.: Fisheries and Oceans Scotia-Fundy Region, Halifax Laboratories, Halifax, Nova Scotia. |
| 546 | |a(Résumé en français) |
| 590 | |a13-28-Supp|b2013-12-09 |
| 720 | 1 |aKe, P. J. |
| 720 | 1 |aBurns, B. G. |
| 720 | 1 |aIrvine, B. B. |
| 830 | #0|aCanadian technical report of fisheries and aquatic sciences,|x1488-5379|vNo. 1373|w(CaOODSP)9.504449 |
| 856 | 40|ahttp://publications.gc.ca|qPDF|s2285 KB|uhttps://publications.gc.ca/collections/collection_2013/mpo-dfo/Fs97-6-1373-eng.pdf|yNo. 1373 |